000 00269nam a2200097Ia 4500
008 240331s9999 xx 000 0 und d
082 _bDIR
100 _aPeriyannanpillai, V. ed
245 0 _aDirectory of NGO'S :
_b working for human rights, peace and democracy
942 _cL
999 _c3228
_d3228